000 01102nam a2200289 i 4500
001 67428
003 ES-MaACL
005 20240228113009.0
007 t|
008 040526s2002 sp ||||0| spa d
020 _a84-8410-925-9
040 _aM-BN
_bspa
_cM-BN
080 _a351.95(460)
245 0 0 _aComentarios a la Ley de la jurisdicción contencioso-administrativa de 1998 /
_cautores, Fernando Irurzun Montoro ... [et al.] ; con prólogo de Angel Rodríguez García ; [obra colectiva coordinada por, Manuel Rivero González].
250 _a2ª ed.
260 _aCizur Menor (Navarra) :
_bAranzadi,
_c2002.
300 _a1170 p. ;
_c25 cm.
490 1 _aMonografías Aranzadi
650 1 4 _aProcedimiento contencioso administrativo-
_zEspaña.
_916424
700 1 _aIrurzun Montoro, Fernando.
_965501
700 1 _aRivero González, Manuel.
_997700
700 1 _aRodríguez García, Angel.
_998535
830 0 _aMonografías Aranzadi
_9230896
852 _aES-MaACL
_jA-15291
_969944
_cDEPO1
_dOlim: L 351.95(460) "1998" com
_dOlim: Meseton
942 _2udc
999 _c67428
_d67428